<?xml version="1.0" encoding="UTF-8"?>
<record
    xmlns:xsi="http://www.w3.org/2001/XMLSchema-instance"
    xsi:schemaLocation="http://www.loc.gov/MARC21/slim http://www.loc.gov/standards/marcxml/schema/MARC21slim.xsd"
    xmlns="http://www.loc.gov/MARC21/slim">

  <leader>02286nam a2200301 a 4500</leader>
  <controlfield tag="001">000032393</controlfield>
  <controlfield tag="005">20200930065622.0</controlfield>
  <controlfield tag="008">110715s2011    dr            001 0 spa d</controlfield>
  <datafield tag="020" ind1=" " ind2=" ">
    <subfield code="a">9789945871579</subfield>
  </datafield>
  <datafield tag="040" ind1=" " ind2=" ">
    <subfield code="a">DO-SdBNP</subfield>
    <subfield code="b">spa</subfield>
    <subfield code="c">BNPHU</subfield>
  </datafield>
  <datafield tag="082" ind1=" " ind2=" ">
    <subfield code="a">347.016</subfield>
    <subfield code="b">R696L</subfield>
  </datafield>
  <datafield tag="110" ind1="1" ind2=" ">
    <subfield code="a">Rep&#xFA;blica Dominicana.</subfield>
    <subfield code="9">447</subfield>
  </datafield>
  <datafield tag="240" ind1="1" ind2="0">
    <subfield code="a">[Leyes, etc.]</subfield>
  </datafield>
  <datafield tag="245" ind1="1" ind2="0">
    <subfield code="a">Leyes y normas para la pr&#xE1;ctica notarial /</subfield>
    <subfield code="c">compilador Benjam&#xED;n Rodr&#xED;guez Carpio.</subfield>
  </datafield>
  <datafield tag="260" ind1=" " ind2=" ">
    <subfield code="a">Santo Domingo :</subfield>
    <subfield code="b">Judicial,</subfield>
    <subfield code="c">2011.</subfield>
  </datafield>
  <datafield tag="300" ind1=" " ind2=" ">
    <subfield code="a">xiii, 246 p.</subfield>
    <subfield code="a">23 cm.</subfield>
  </datafield>
  <datafield tag="490" ind1="1" ind2=" ">
    <subfield code="a">Gaceta Judicial</subfield>
  </datafield>
  <datafield tag="490" ind1="1" ind2=" ">
    <subfield code="a">Legislativa</subfield>
  </datafield>
  <datafield tag="505" ind1="0" ind2=" ">
    <subfield code="g">Presentaci&#xF3;n --</subfield>
    <subfield code="t">Ley del notariado, N&#xBA; 301 de 1964 --</subfield>
    <subfield code="t">Leyes y normas vinculadas al ejercicio del notariado:</subfield>
    <subfield code="t">C&#xF3;digo civil, art&#xED;culos 981-1007; 1101-1126; 1317-1321; 1387-1390; 2146, 2148 y 2150 --</subfield>
    <subfield code="t">C&#xF3;digo de procedimiento civil, art&#xED;culos 545, 547 y 839-858 --</subfield>
    <subfield code="t">Ley N&#xBA; 2334 de 1885, de registro de actos civiles, judiciales y extrajudiciales --</subfield>
    <subfield code="t">Ley N&#xBA; 2914 de 1890, de registro y conservaci&#xF3;n de hipotecas --</subfield>
    <subfield code="t">Ley N&#xBA; 1306-Bis de 1937, sobre divorcio, art&#xED;culos 4 y 26-33 --</subfield>
    <subfield code="t">Ley N&#xBA; 111 de 1942 sobre exequ&#xE1;tur de profesionales --</subfield>
    <subfield code="t">Ley N&#xBA; 716 de 1944, de funciones p&#xFA;blicas de los c&#xF3;nsules dominicanos (parte relativa a las funciones notariales) --</subfield>
    <subfield code="t">Reglamento N&#xBA; 6050 de 1949, para la polic&#xED;a de las profesiones jur&#xED;dicas --</subfield>
    <subfield code="t">Ley N&#xBA; 18 de 1988, que establece un impuesto anual denominado "Impuesto sobre viviendas suntuarias y los solares urbanos no edificados" --</subfield>
    <subfield code="t">Ley N&#xBA; 126 de 2002, sobre el comercio electr&#xF3;nico y las firmas digitales --</subfield>
    <subfield code="t">Ley N&#xBA; 89 de 2005, que instituye el Colegio Dominicano de Notarios en persona moral de derecho p&#xFA;blico --</subfield>
    <subfield code="t">Ley N&#xBA; 108 de 2005, de Registro Inmobiliario --</subfield>
    <subfield code="t">Reglamento general de registro de t&#xED;tulos de fecha 2 de abril de 2007, modificado por resoluci&#xF3;n N&#xBA; 2669 de fecha 10 de septiembre de 2009, dictada por la Suprema Corte de Justicia.</subfield>
  </datafield>
  <datafield tag="590" ind1=" " ind2=" ">
    <subfield code="a">Inventariado, 2018/LP</subfield>
  </datafield>
  <datafield tag="650" ind1=" " ind2="4">
    <subfield code="a">Derecho notarial</subfield>
    <subfield code="z">Rep&#xFA;blica Dominicana</subfield>
    <subfield code="9">10224</subfield>
  </datafield>
  <datafield tag="650" ind1=" " ind2="4">
    <subfield code="a">Notariado y registros</subfield>
    <subfield code="9">10225</subfield>
  </datafield>
  <datafield tag="651" ind1=" " ind2="4">
    <subfield code="a">Rep&#xFA;blica Dominicana</subfield>
    <subfield code="x">Leyes</subfield>
    <subfield code="9">16541</subfield>
  </datafield>
  <datafield tag="700" ind1="1" ind2=" ">
    <subfield code="a">Rodr&#xED;guez Carpio, Benjam&#xED;n,</subfield>
    <subfield code="e">comp.</subfield>
    <subfield code="9">56344</subfield>
  </datafield>
  <datafield tag="830" ind1=" " ind2="0">
    <subfield code="a">Gaceta Judicial</subfield>
    <subfield code="9">1292</subfield>
  </datafield>
  <datafield tag="830" ind1=" " ind2="0">
    <subfield code="a">Legislativa</subfield>
    <subfield code="9">30888</subfield>
  </datafield>
  <datafield tag="910" ind1=" " ind2=" ">
    <subfield code="a">Validado. Control de calidad EMS</subfield>
  </datafield>
  <datafield tag="952" ind1=" " ind2=" ">
    <subfield code="0">0</subfield>
    <subfield code="1">0</subfield>
    <subfield code="5">4</subfield>
    <subfield code="7">0</subfield>
    <subfield code="8">DS</subfield>
    <subfield code="a">GR</subfield>
    <subfield code="b">GR</subfield>
    <subfield code="c">HD</subfield>
    <subfield code="d">2011-07-15</subfield>
    <subfield code="i">LF1</subfield>
    <subfield code="l">0</subfield>
    <subfield code="o">347.016 R696l</subfield>
    <subfield code="p">32393-30</subfield>
    <subfield code="r">2020-06-25</subfield>
    <subfield code="t">e. 3</subfield>
    <subfield code="w">2020-06-25</subfield>
    <subfield code="y">LFDS</subfield>
    <subfield code="Z">Pr&#xE9;stamo en sala</subfield>
  </datafield>
  <datafield tag="952" ind1=" " ind2=" ">
    <subfield code="0">0</subfield>
    <subfield code="1">0</subfield>
    <subfield code="7">1</subfield>
    <subfield code="8">PD</subfield>
    <subfield code="a">PD</subfield>
    <subfield code="b">PD</subfield>
    <subfield code="c">HD</subfield>
    <subfield code="d">2011-07-15</subfield>
    <subfield code="i">LF1</subfield>
    <subfield code="l">0</subfield>
    <subfield code="o">347.016 R696l</subfield>
    <subfield code="p">32393-10</subfield>
    <subfield code="r">2020-06-25</subfield>
    <subfield code="w">2020-06-25</subfield>
    <subfield code="y">LFPD</subfield>
    <subfield code="Z">No se presta</subfield>
  </datafield>
  <datafield tag="952" ind1=" " ind2=" ">
    <subfield code="0">0</subfield>
    <subfield code="1">0</subfield>
    <subfield code="7">1</subfield>
    <subfield code="8">PD</subfield>
    <subfield code="a">PD</subfield>
    <subfield code="b">PD</subfield>
    <subfield code="c">HD</subfield>
    <subfield code="d">2011-07-15</subfield>
    <subfield code="i">LF1</subfield>
    <subfield code="l">0</subfield>
    <subfield code="o">347.016 R696l</subfield>
    <subfield code="p">32393-20</subfield>
    <subfield code="r">2020-06-25</subfield>
    <subfield code="t">e. 2</subfield>
    <subfield code="w">2020-06-25</subfield>
    <subfield code="y">LFPD</subfield>
    <subfield code="Z">No se presta</subfield>
  </datafield>
  <datafield tag="999" ind1=" " ind2=" ">
    <subfield code="c">31884</subfield>
    <subfield code="d">31884</subfield>
  </datafield>
</record>
